000 02413nam a2200409 i 4500
001 194943
003 SpMaBN
005 20250708193504.0
008 240522s2023 sp | |||| 000 f spa
015 _aMON23
017 _aB 7755-2023
_bOficina Depósito Legal Barcelona
020 _a9788432242106
040 _aSpMaBN
_bspa
_cSpMaBN
_erda
080 _a821.111(73)-31"19"
100 _aLeon, Donna,
_d1942-
_9236553
_eaut
240 1 0 _aSo Shall You Reap
_lEspañol
245 1 0 _aCosecharás tempestades /
_cDonna Leon ; traducción del inglés por Maia Figueroa Evans
250 _aPrimera edición: mayo de 2023
264 1 _a[Barcelona (España)] :
_bSeix Barral,
_c[2023]
264 4 _c©2023
300 _a345 páginas ;
_c23 cm
336 _aTexto
_2rdacontent
337 _asin mediación
_2rdamedia
338 _avolumen
_2rdacarrier
490 0 _aBiblioteca Formentor
520 _aEn una fría noche de noviembre, Guido Brunetti recibe una llamada de su colega, el ispettore Vianello, alertándole de que se ha visto una mano en uno de los canales de Venecia. Pronto se encuentra el cuerpo y se asigna a Brunetti la investigación del asesinato de este inmigrante indocumentado. Dado que no existe un registro oficial de la presencia del hombre en Venecia, se ve obligado a utilizar fuentes de información mucho más suculentas en la ciudad: los chismes y los recuerdos de las personas que conocieron a la víctima. Curiosamente, había estado viviendo en una pequeña casa en los terrenos de un palazzo propiedad de un profesor universitario, en el que Brunetti descubre libros que revelan el interés de la víctima por el budismo, los revolucionarios Tigres Tamiles y la última cosecha de terroristas políticos italianos, activos en la década de los ochenta.
655 0 _aNovelas policiacas
_9233840
700 _aFigueroa Evans, Maia
_9236554
_etrl
852 _aES-MaACL
_cDEPOJ
_dN-9927
_hDonación: José Lázaro García
_xEncuadernación rústica con solapas
_jN-9927
_9205849
903 _9234219
_aLázaro García, José
_ednr
942 _cMONOGRAFIA
_n0
999 _c194943
_d194943